Govt. of
Madhya Pradesh

The Encyclopaedia Of Gandhian Thoughts (Record no. 6070)

MARC details
000 -LEADER
fixed length control field 004660000a22001810004500
003 - CONTROL NUMBER IDENTIFIER
control field MACL
005 - DATE AND TIME OF LATEST TRANSACTION
control field 20150813134825.0
008 - FIXED-LENGTH DATA ELEMENTS--GENERAL INFORMATION
fixed length control field 150813b xxu||||| |||| 00| 0 eng d
040 ## - CATALOGING SOURCE
Original cataloging agency MACL
Transcribing agency MACL
041 ## - LANGUAGE CODE
Language code of text/sound track or separate title English
082 ## - DEWEY DECIMAL CLASSIFICATION NUMBER
Classification number 403
100 ## - MAIN ENTRY--PERSONAL NAME
Personal name Hingorani, Anand T
9 (RLIN) 5290
245 ## - TITLE STATEMENT
Title The Encyclopaedia Of Gandhian Thoughts
260 ## - PUBLICATION, DISTRIBUTION, ETC. (IMPRINT)
Name of publisher, distributor, etc. All India Congress Committee
Date of publication, distribution, etc. 1985
Place of publication, distribution, etc. New Delhi
350 ## - PRICE (NR) (BK AM CF MU VM SE) [OBSOLETE]
Price 100
650 ## - SUBJECT ADDED ENTRY--TOPICAL TERM
Topical term or geographic name as entry element Encyclopaedia
9 (RLIN) 5291
942 ## - ADDED ENTRY ELEMENTS (KOHA)
Koha item type Books
Call number prefix 403
Source of classification or shelving scheme
Holdings
Withdrawn status Lost status Source of classification or shelving scheme Damaged status Not for loan Home library Current library Date acquired Cost, normal purchase price Total Checkouts Full call number Barcode Date last seen Uniform Resource Identifier Price effective from Koha item type
          MACL MACL 15/04/2015 100.00   403 CRE003700 02/05/2024 6015 15/04/2015 Books